Представление документа в формате RUSMARC

ПолеНазваниеЗначение
  Тип записи a
  Библиографический уровень m
001 Контрольный номер RU/IS/BASE/233925240
005 Дата корректировки 20201206204516.3
010 Индекс ISBN __
d Цена 2-00
101 Язык документа __
a Язык текста rus
c Язык оригинала rus
200 Заглавие и сведения об ответственности 0_
a Заглавие Кремлевский дворец съездов
f Первые сведения об ответственности Н. А. Пекарева
b Общее обозначение материала Текст
210 Выходные данные __
a Место издания М.
c Издательство Моск. рабочий
d Дата издания 1975
215 Физическое описание __
a Объем 144 с.
c Иллюстрации/тип воспроизводства ил.
300 Общие примечания __
a Общие примечания Миниатюр. изд.
330 Аннотация __
a Аннотация Об архитектурном облике Дворца съездов, его интерьере.
605 Заглавие как предмет __
a Заглавие Дворец съездов
605 Заглавие как предмет __
a Заглавие Кремлевский дворец съездов
606 Тематические рубрики __
a Основная рубрика История
z Хронологическая подрубрика 20 в.
y Географическая подрубрика СССР; Россия; Москва
606 Тематические рубрики __
a Основная рубрика История России в целом
610 Ключевые слова __
a Ключевые слова интерьер; архитектурные здания; архитектурные памятники
686 Индексы других классификаций __
a Классификационный индекс 63.3(2)л6
686 Индексы других классификаций __
a Классификационный индекс 63.3(2-2Москва)л6
700 Автор _1
a Фамилия Пекарева
b Имя Н. А.
4 Код отношения 070
801 Источник записи _0
a Страна RU
b Организация Муниципальное бюджетное учреждение культуры "Централизованная библиотечная система" г. Сургут (Центральная городская библиотека им. А. С. Пушкина)
g Правила каталогизации КиК/Котельникова
801 Источник записи _1
a Страна RU
b Организация Муниципальное бюджетное учреждение культуры "Централизованная библиотечная система" г. Сургут (Центральная городская библиотека им. А. С. Пушкина)
g Правила каталогизации КиК/Котельникова
852 Данные о местонахождении __
j Шифр хранения 63.3(2)л6
c Каталожный индекс 63.3(2)л6; 63.3(2-2Москва)л6
i Авторский знак П 24
p Инвентарный номер 38096(с)
901 Тип документа __
t Тип документа m
903 Характеристики (МАРС) __
a Дата передачи 20070531
990 Данные о заказе (DOS) __
j Количество экземпляров (DOS) 1
t N записи в КСУ для И/У (DOS) ретро